Obras de António Mora (Registo nº 198780)
[ vista simples ]
| 000 -Etiqueta do registo | |
|---|---|
| Valores | 00830nam 22002533 4500 |
| 010 ## - Número ISBN | |
| ISBN | 972-27-1132-6 |
| 021 ## - Número do Depósito Legal | |
| Código do país | Portugal |
| Número | 111 309/97 |
| 100 ## - Dados gerais de processamento | |
| Dados gerais | 20251103d u||y0pory50 ba |
| 101 ## - Língua de publicação | |
| Língua | Português |
| 102 ## - País de publicação | |
| País | Portugal |
| 200 ## - Titulo e menção de responsabilidade | |
| Título próprio | Obras de António Mora |
| Primeira menção de responsabilidade | Fernando Pessoa |
| Outras menções de responsabilidade | Edição e Estudo de Luís Filipe B. Teixeira |
| 210 ## - Publicação | |
| Local de publicação | [Lisboa] |
| Nome do editor | Imprensa Nacional-Casa da Moeda |
| Data de publicação | 2002 |
| 215 ## - Descrição física | |
| Paginação / Volumes | 570, [6] p. |
| Outras indicações físicas | Brochado |
| Dimensões | 25 cm |
| 225 ## - Colecção | |
| Título próprio da colecção | Edição crítica de Fernando Pessoa. |
| Informação de outro título | Série Maior |
| Indicação de volume | 6 |
| 300 ## - Notas gerais | |
| Texto da nota | Ensaio |
| 606 ## - Nome comum usado como assunto | |
| ID Autoridade | 1822 |
| Palavra de ordem | Literatura Portuguesa Ensaio |
| 675 ## - CDU | |
| Notação | 821.134.3-4/PES/OBR |
| Edição | PT |
| Língua | por |
| 700 ## - Autor principal (pessoa individual) | |
| ID Autoridade | 1659 |
| Apelido | Pessoa |
| Nome | Fernando |
| Datas | 1888-1935 |
| 702 ## - Autor secundário (pessoa individual) | |
| ID Autoridade | 14697 |
| Apelido | Teixeira |
| Nome | Luís Filipe B. |
| 801 ## - Fonte de origem | |
| País | PT |
| Agência | BMMN |
| Regras de catalogação | RPC |
| 830 ## - Notas gerais do catalogador | |
| Criado por | Carlos Pinto |
| Data de criação | 03-11-2025 |
| Indexado por | Carlos Pinto |
| 990 ## - Elementos KOHA | |
| Tipo de documento | Livro |
| Situação do levantamento | Biblioteca de origem | Código de barras | Cota | Permissão de empréstimo | Tipo de documento | Forma de aquisição |
|---|---|---|---|---|---|---|
| Escola Secundária de Montemor-o-Novo | 27294 | 821.134.3-4/PES/OBR | Livro | Oferta |